[Event "5th Classic Open 2013"]
[Site "London ENG"]
[Date "2013.12.15"]
[Round "9.30"]
[White "Andersson, Tommy"]
[Black "Willmoth, Robert F"]
[Result "1-0"]
[WhiteTitle "FM"]
[WhiteElo "2370"]
[BlackElo "2157"]
[WhiteFideId "1703803"]
[BlackFideId "402540"]
[EventDate "2013.12.07"]

1. d4 Nf6 2. c4 e6 3. Nf3 d5 4. Nc3 Be7 5. cxd5 exd5 6. Bg5 c6 7. Qc2 Na6 8. a3
Nc7 9. e3 O-O 10. Bd3 g6 11. h3 Re8 12. O-O Ne6 13. Bh4 Ng7 14. Rfe1 Ne4 15.
Bxe7 Qxe7 16. Nd2 Nd6 17. e4 dxe4 18. Ndxe4 Nxe4 19. Bxe4 Be6 20. d5 Bxd5 21.
Bxd5 Qxe1+ 22. Rxe1 Rxe1+ 23. Kh2 cxd5 24. Nxd5 Ne8 25. Ne3 h5 26. Qd2 Rb1 27.
g4 Rc8 28. Qd7 Rbc1 29. gxh5 Nf6 30. Qxb7 R1c7 31. Qa6 Rc6 32. Qxa7 R6c7 33. Qa5
Rc5 34. Qa6 Nxh5 35. b4 R5c6 36. Qa7 Rd8 37. b5 Rf6 38. Ng4 Rf3 39. Kg2 Rfd3 40.
Ne3 Nf4+ 41. Kf3 Nxh3 42. b6 Ng5+ 43. Kg2 Ne6 44. a4 Rb3 45. a5 Rd2 46. b7 Rdb2
47. a6 Kg7 48. Kg3 Rb5 49. Qb8 R2b4 50. Qd6 Nc5 51. Qe5+ f6 52. Qe7+ Kh6 53. a7
Nb3 54. Qxb4 1-0

[Event "5th Classic Open 2013"]
[Site "London ENG"]
[Date "2013.12.15"]
[Round "9.31"]
[White "Josse, Mark"]
[Black "Maryasin, Boris"]
[Result "1/2-1/2"]
[BlackTitle "IM"]
[WhiteElo "2173"]
[BlackElo "2342"]
[WhiteFideId "414476"]
[BlackFideId "2801892"]
[EventDate "2013.12.07"]

1. d4 Nf6 2. c4 e6 3. Nc3 Bb4 4. e3 c5 5. Ne2 cxd4 6. exd4 d5 7. a3 Be7 8. cxd5
Nxd5 9. Nxd5 exd5 10. g3 O-O 11. Bg2 Nc6 12. O-O Bg4 13. h3 Bxe2 14. Qxe2 Nxd4
15. Qd3 Bf6 16. Be3 Nc6 17. Qxd5 Bxb2 18. Ra2 Bf6 19. Rb1 Qxd5 20. Bxd5 Rfd8 21.
Bxc6 bxc6 22. Rc1 Bd4 23. Bxd4 Rxd4 24. Rxc6 1/2-1/2

[Event "5th Classic Open 2013"]
[Site "London ENG"]
[Date "2013.12.15"]
[Round "9.33"]
[White "Wall, Gavin"]
[Black "Green, Andrew D"]
[Result "1-0"]
[WhiteTitle "IM"]
[WhiteElo "2328"]
[BlackElo "2148"]
[WhiteFideId "2501244"]
[BlackFideId "2401762"]
[EventDate "2013.12.07"]

1. e4 c5 2. Nf3 d6 3. d4 cxd4 4. Qxd4 Nc6 5. Bb5 Bd7 6. Bxc6 Bxc6 7. Nc3 h6 8.
Be3 e5 9. Qd3 Nf6 10. O-O-O Be7 11. Rhg1 Qd7 12. Kb1 b5 13. Ne1 b4 14. Nd5 Nxd5
15. exd5 Bb5 16. Qd2 f5 17. f4 exf4 18. Bxf4 O-O 19. Nf3 g5 20. Be3 f4 21. Bf2
Bf6 22. Rde1 Bc4 23. Bd4 Qb5 24. Re6 Bxa2+ 25. Kc1 Be5 26. Nxe5 Qxd5 27. Rg6+
Kh7 28. Qd3 dxe5 29. Re6+ e4 30. Rxe4 Kg8 31. Re7 Rf5 32. b3 a5 33. Rg7+ Kf8 34.
Rh7 Re8 35. Qa6 Rf7 36. Rh8+ Ke7 37. Re1+ Kd7 38. Rhxe8 1-0

[Event "5th Classic Open 2013"]
[Site "London ENG"]
[Date "2013.12.15"]
[Round "9.34"]
[White "Carr, Neil L"]
[Black "Williamson, Roger G"]
[Result "1-0"]
[WhiteTitle "FM"]
[WhiteElo "2275"]
[BlackElo "2150"]
[WhiteFideId "401048"]
[BlackFideId "414620"]
[EventDate "2013.12.07"]

1. e4 e5 2. Nf3 Nc6 3. Bc4 Nf6 4. d3 h6 5. Qe2 d6 6. c3 g6 7. h3 Bg7 8. g4 d5 9.
Bb3 dxe4 10. dxe4 Qe7 11. Na3 Bd7 12. Bd2 a6 13. Bc2 b5 14. Bd3 Nh7 15. Nc2 Nd8
16. Nb4 Ne6 17. Nd5 Qd8 18. Be3 Rb8 19. a4 O-O 20. axb5 axb5 21. O-O c6 22. Nb4
Ra8 23. Qd2 Qe7 24. Bxh6 g5 25. Bxg7 Kxg7 26. Nxe5 Nf4 27. Nexc6 Bxc6 28. Nxc6
Qd7 29. Nd4 Nxh3+ 30. Kh2 Qxg4 31. Be2 Qxe4 32. Kxh3 Rxa1 33. Rxa1 Rh8 34. Kg3
Kg8 35. Bg4 Qe5+ 36. f4 Qd5 37. Nf3 gxf4+ 38. Qxf4 f6 1-0

[Event "5th Classic Open 2013"]
[Site "London ENG"]
[Date "2013.12.15"]
[Round "9.35"]
[White "Sathyanandha, Saravanan"]
[Black "Roe, Simon J"]
[Result "1-0"]
[WhiteElo "2144"]
[BlackElo "2263"]
[WhiteFideId "470929"]
[BlackFideId "401471"]
[EventDate "2013.12.07"]

1. e4 c5 2. c3 d5 3. exd5 Qxd5 4. d4 Nf6 5. Nf3 e6 6. Be3 Be7 7. Bd3 O-O 8. O-O
Rd8 9. Qe2 Nc6 10. Rd1 cxd4 11. cxd4 b6 12. Nc3 Qd6 13. Ng5 Bb7 14. Nce4 Nxe4
15. Bxe4 f5 16. Bf4 Nxd4 17. Qh5 Ne2+ 18. Kf1 Qxd1+ 19. Rxd1 Rxd1+ 20. Kxe2 1-0

[Event "5th Classic Open 2013"]
[Site "London ENG"]
[Date "2013.12.15"]
[Round "9.36"]
[White "Persson, Mats"]
[Black "Johannesson, Oliver"]
[Result "1-0"]
[WhiteElo "2250"]
[BlackElo "2078"]
[WhiteFideId "1708333"]
[BlackFideId "2305623"]
[EventDate "2013.12.07"]

1. d4 d5 2. c4 c6 3. Nf3 Nf6 4. Qb3 dxc4 5. Qxc4 Bg4 6. Nc3 Nbd7 7. e4 e6 8. Be3
Qa5 9. Nd2 Be7 10. h3 Bh5 11. f4 Bg6 12. O-O-O O-O 13. Bd3 b5 14. Qb3 Nd5 15.
Nxd5 cxd5 16. Kb1 dxe4 17. Nxe4 Nb6 18. g4 Nd5 19. Bd2 b4 20. Rhf1 f6 21. f5
exf5 22. Nc5 Bxc5 23. dxc5 Rad8 24. c6 Kh8 25. gxf5 Bh5 26. Rc1 Rb8 27. Bc4 Bf7
28. c7 Rbc8 29. Bxb4 Nxb4 30. Bxf7 Rxc7 31. Be6 Rb8 32. Rxc7 Qxc7 33. Rc1 Qd6
34. Rd1 Qc5 35. a3 Na6 36. Qxb8+ 1-0

[Event "5th Classic Open 2013"]
[Site "London ENG"]
[Date "2013.12.15"]
[Round "9.37"]
[White "Wallace, Paul"]
[Black "Hamitevici, Vladimir"]
[Result "0-1"]
[BlackTitle "IM"]
[WhiteElo "2130"]
[BlackElo "2508"]
[WhiteFideId "2500892"]
[BlackFideId "13902393"]
[EventDate "2013.12.07"]

1. e4 c6 2. d4 d5 3. e5 Bf5 4. Nf3 e6 5. Be2 Nd7 6. O-O Ne7 7. b3 h6 8. Ba3 g5
9. c4 Ng6 10. Bxf8 Kxf8 11. Nc3 a6 12. Ne1 Nf4 13. g3 Bh3 14. gxf4 gxf4 15. Qd3
Rg8+ 16. Kh1 Qh4 17. Bf3 Qg5 18. Rc1 Rg7 19. cxd5 exd5 20. Nxd5 cxd5 21. Bxd5 f3 0-1

[Event "5th Classic Open 2013"]
[Site "London ENG"]
[Date "2013.12.15"]
[Round "9.38"]
[White "Crouch, Colin S"]
[Black "Compton, Alistair"]
[Result "1/2-1/2"]
[WhiteTitle "IM"]
[WhiteElo "2362"]
[BlackElo "2101"]
[WhiteFideId "400947"]
[BlackFideId "4300645"]
[EventDate "2013.12.07"]

1. c4 e6 2. g3 d5 3. Bg2 c5 4. Nf3 Nc6 5. O-O Nf6 6. cxd5 exd5 7. d4 Be7 8. Nc3
O-O 9. Bf4 c4 10. b3 cxb3 11. Qxb3 Na5 12. Qd1 Bf5 13. Nh4 Be6 14. Qd3 Rc8 15.
Nf3 g6 16. Ne5 Nc4 17. Nxc4 Rxc4 18. Rab1 Qc8 19. Rb3 Rd8 20. Bg5 Kg7 21. Qd2
Ng8 22. Bxe7 Nxe7 23. e3 a6 24. Bf3 b5 25. Be2 b4 26. Na4 Rc2 27. Qxb4 Nc6 28.
Qe1 Bh3 29. Nc5 Rxa2 30. Bf3 Bxf1 31. Qxf1 Na5 32. Rc3 Qf5 33. e4 dxe4 34. Bxe4
Qf6 35. Nxa6 Qxd4 36. Rd3 Ra1 37. Rxd4 Rxf1+ 38. Kxf1 Rxd4 39. Bf3 Nb3 40. Ke2
Ra4 41. Bb7 Ra5 42. Nc7 Ra7 43. Ne8+ Kf8 44. Nd6 Nd4+ 45. Kd3 Nb5 46. Nxb5 Rxb7
47. Nd4 Ke7 48. Ke3 Kd6 49. Kf3 Ke5 50. Ne2 f5 51. h4 Rb3+ 52. Kg2 Ke4 53. Nf4
Rb6 54. Nh3 h6 55. Nf4 g5 56. hxg5 hxg5 57. Nh3 Rg6 58. Ng1 f4 59. g4 Ra6 60.
Nf3 Ra5 61. Nd2+ Kd3 62. Nf3 Rb5 63. Kf1 Ra5 64. Kg2 Ke4 65. Nd2+ Kd5 66. Nf3
Ke6 67. Nd4+ Kf6 68. Nf3 Rd5 69. Kf1 Rd1+ 70. Kg2 Rd3 71. Ne1 Ra3 1/2-1/2

[Event "5th Classic Open 2013"]
[Site "London ENG"]
[Date "2013.12.15"]
[Round "9.39"]
[White "Maduekwe, Chiedu"]
[Black "Bukojemski, Adam"]
[Result "1/2-1/2"]
[WhiteElo "2126"]
[BlackElo "2243"]
[WhiteFideId "8500118"]
[BlackFideId "1114620"]
[EventDate "2013.12.07"]

1. d4 c5 2. d5 Nf6 3. c4 e5 4. Nc3 d6 5. e4 Nbd7 6. Nf3 Be7 7. Be2 O-O 8. O-O
Ne8 9. a3 g6 10. Bh6 Ng7 11. Qd2 Nf6 12. h3 Kh8 13. b4 b6 14. Ne1 Ng8 15. Be3 f5
16. f4 exf4 17. Bxf4 g5 18. Be3 f4 19. Bf2 Bf6 20. Nd3 Qe7 21. Rae1 Be5 22. bxc5
bxc5 23. Na4 f3 24. Bxf3 Rxf3 25. gxf3 Bxh3 26. Naxc5 Bf4 27. Qc3 Bxf1 28. Rxf1
dxc5 29. Bxc5 Qf7 30. Bd4 Ne7 31. Rb1 Ng6 32. c5 Nh4 33. Bxg7+ Kg8 34. Qf6 Qxg7
35. Qxg7+ Kxg7 36. Nxf4 gxf4 37. Rb7+ Kf6 38. Kf2 Rg8 39. Rxh7 Ng2 40. d6 Ne3
41. d7 Ke6 42. Ke2 Nc4 43. c6 Ne5 44. Rh6+ Ke7 45. Kd1 Nxf3 46. Rh5 Nd4 47. c7
Rg1+ 48. Kd2 Nb3+ 49. Kc2 Na1+ 50. Kb2 Kxd7 51. Rh7+ Kc8 52. Rf7 Rf1 53. e5 Re1
54. Rf5 Kxc7 55. Rf7+ Kc6 56. Rf6+ Kb7 57. e6 a5 58. e7 Rxe7 59. Rxf4 1/2-1/2

[Event "5th Classic Open 2013"]
[Site "London ENG"]
[Date "2013.12.15"]
[Round "9.40"]
[White "Berry, Neil"]
[Black "Friedland, Jon S"]
[Result "1-0"]
[WhiteTitle "FM"]
[BlackTitle "CM"]
[WhiteElo "2242"]
[BlackElo "2089"]
[WhiteFideId "2400650"]
[BlackFideId "408484"]
[EventDate "2013.12.07"]

1. d4 Nf6 2. c4 g6 3. Nf3 Bg7 4. g3 O-O 5. Bg2 d6 6. Nc3 Nc6 7. O-O a6 8. b3 Rb8
9. Nd5 b5 10. Nxf6+ exf6 11. cxb5 axb5 12. d5 Ne5 13. Nd4 f5 14. Bf4 Bd7 15. Qd2
Re8 16. Rac1 Ng4 17. Rc2 Ra8 18. Rfc1 Ra7 19. h3 Nf6 20. Be3 Rb7 21. Ne6 fxe6
22. dxe6 Bc8 23. Bxb7 Bxb7 24. Rxc7 Re7 25. Bb6 Nd5 26. Rc8 Qxc8 27. Rxc8+ Bxc8
28. Qxd5 Bxe6 29. Qxb5 Kf7 30. Qd3 Rb7 31. Bd4 Bf8 32. Bc3 Ke7 33. Qd4 Ke8 34.
Qa4+ Kf7 35. Qc6 Re7 36. b4 Bxa2 37. b5 Ke6 38. Qc8+ Kf7 39. Qc6 Ke6 40. Qc8+
Kf7 41. Qa8 Rxe2 42. b6 Rc2 43. Qxa2+ Rxa2 44. b7 Ra3 45. Bb4 Ra1+ 46. Kg2 d5
47. b8=Q Bxb4 48. Qxb4 Ra7 49. Qb5 Re7 50. Qxd5+ Kf6 51. g4 Rf7 52. gxf5 gxf5
53. Kf3 Re7 54. Qd8 Ke6 55. Kf4 Rf7 56. h4 Rd7 57. Qe8+ Re7 58. Qc6+ Kf7 59.
Kxf5 Kf8 60. Qd6 Ke8 61. Kf6 Re2 62. Qb8+ 1-0

[Event "5th Classic Open 2013"]
[Site "London ENG"]
[Date "2013.12.15"]
[Round "9.41"]
[White "Hebbes, Tim"]
[Black "Stigar, Petter"]
[Result "1/2-1/2"]
[BlackTitle "FM"]
[WhiteElo "2104"]
[BlackElo "2240"]
[WhiteFideId "406570"]
[BlackFideId "1500341"]
[EventDate "2013.12.07"]

1. d4 Nf6 2. c4 e6 3. Nc3 Bb4 4. e3 O-O 5. Ne2 d5 6. a3 Bd6 7. cxd5 exd5 8. Ng3
c5 9. dxc5 Bxc5 10. Be2 Nc6 11. O-O Be6 12. b4 Be7 13. Bb2 d4 14. exd4 Nxd4 15.
Bd3 a5 16. b5 Nb3 17. Rb1 Nc5 18. Bc2 Qxd1 19. Rfxd1 Rfd8 20. Nge4 Rac8 21. Nxc5
Bxc5 22. Ne4 Nxe4 23. Bxe4 b6 1/2-1/2

[Event "5th Classic Open 2013"]
[Site "London ENG"]
[Date "2013.12.15"]
[Round "9.42"]
[White "Hill, Alistair"]
[Black "Bird, Andrew"]
[Result "1-0"]
[WhiteElo "2097"]
[BlackElo "2229"]
[WhiteFideId "432407"]
[BlackFideId "3204502"]
[EventDate "2013.12.07"]

1. Nf3 Nf6 2. g3 c5 3. Bg2 Nc6 4. O-O g6 5. c4 Bg7 6. d4 cxd4 7. Nxd4 O-O 8. Nc3
d6 9. Bg5 Nxd4 10. Qxd4 Be6 11. Qd3 Rb8 12. b3 a6 13. a4 Qa5 14. Bd2 Qh5 15.
Rac1 Bf5 16. e4 Bd7 17. Rc2 Rfc8 18. Rfc1 Ng4 19. h4 Ne5 20. Qe3 Nc6 21. Nd5 Bd4
22. Qd3 Qe5 23. Bf4 Qg7 24. b4 Kf8 25. Rd2 Be5 26. Bg5 h6 27. Be3 Be6 28. b5
Bxd5 29. exd5 Nb4 30. Qb3 a5 31. Bb6 Ra8 32. f4 Bf6 33. Bh3 Rcb8 34. Qe3 Bb2 35.
Rb1 Bc3 36. Re2 f5 37. g4 Rc8 38. gxf5 Rxc4 39. Rd1 Rac8 40. Rg2 R8c5 41. Bxc5
dxc5 42. Qe6 Bd4+ 43. Kh1 g5 44. hxg5 Rc2 45. gxh6 1-0

[Event "5th Classic Open 2013"]
[Site "London ENG"]
[Date "2013.12.15"]
[Round "9.43"]
[White "Steil-Antoni, Fiona"]
[Black "Baterdene, Tsogbayar"]
[Result "1-0"]
[WhiteTitle "WIM"]
[WhiteElo "2190"]
[BlackElo "1816"]
[WhiteFideId "4001249"]
[BlackFideId "4901592"]
[EventDate "2013.12.07"]

1. e4 c5 2. Nf3 d6 3. c3 g6 4. d4 cxd4 5. cxd4 Bg7 6. Nc3 Nf6 7. h3 O-O 8. Be3
Nc6 9. Be2 a6 10. a4 Qa5 11. O-O e5 12. d5 Ne7 13. Nd2 Nd7 14. Nc4 Qc7 15. a5 f5
16. f3 f4 17. Bf2 Kh8 18. Qb3 g5 19. Qb4 Rf6 20. Na4 Rh6 21. Rfc1 Qd8 22. Nxd6
Kg8 23. Nxc8 Rxc8 24. Rxc8 Nxc8 25. Rc1 Nd6 26. Nc5 Bf8 27. Ne6 Qe8 28. Nxf8
Qxf8 29. Rc7 Qd8 30. Qc3 Rg6 31. b4 g4 32. hxg4 h5 33. gxh5 Rh6 34. Rxd7 Qxd7
35. Qxe5 Qf7 36. Bd4 Nb5 37. Qb8+ Qf8 38. Qxf8+ Kxf8 39. Bxb5 axb5 40. Be5 Rxh5
41. Bxf4 Kf7 42. Bd6 Rh8 43. Kf2 Rh1 44. g4 Rc1 45. Ke3 Rc3+ 46. Kf4 Rd3 47. g5
Kg6 48. Kg4 Rd1 49. f4 Rg1+ 50. Kf3 Rf1+ 51. Ke3 Rd1 52. Be7 Kf7 53. Bc5 Kg6 54.
d6 Kf7 55. f5 Re1+ 56. Kd4 Rc1 57. Kd5 Rd1+ 58. Bd4 Rf1 59. g6+ Ke8 60. g7 1-0

[Event "5th Classic Open 2013"]
[Site "London ENG"]
[Date "2013.12.15"]
[Round "9.44"]
[White "Grove, Michael"]
[Black "Stanisz, Patryk"]
[Result "1-0"]
[WhiteElo "2091"]
[BlackElo "2165"]
[WhiteFideId "2403943"]
[BlackFideId "1123106"]
[EventDate "2013.12.07"]

1. e4 c5 2. Ne2 Nc6 3. g3 g6 4. Bg2 Bg7 5. c3 e5 6. O-O Nge7 7. d3 d5 8. h3 O-O
9. f4 dxe4 10. dxe4 Be6 11. Na3 Qc8 12. Kh2 f5 13. fxe5 Bxe5 14. Nf4 fxe4 15.
Bxe4 Bxf4 16. Rxf4 Rxf4 17. Bxf4 Bxh3 18. Qd6 Qe6 19. Re1 Rc8 20. c4 Qxd6 21.
Bxd6 Bf5 22. Bf3 Kf7 23. Bxc5 Rd8 24. Nb5 Rd2+ 25. Kg1 Rxb2 26. Nd6+ Kf6 27.
Ne8+ Kf7 28. Nd6+ Kg8 29. Bd5+ Kg7 30. Rxe7+ 1-0

[Event "5th Classic Open 2013"]
[Site "London ENG"]
[Date "2013.12.15"]
[Round "9.45"]
[White "Mende, Andreas"]
[Black "Puccini, Jack"]
[Result "0-1"]
[WhiteTitle "CM"]
[BlackTitle "CM"]
[WhiteElo "2161"]
[BlackElo "2073"]
[WhiteFideId "4631102"]
[BlackFideId "3213307"]
[EventDate "2013.12.07"]

1. d4 Nf6 2. c4 g6 3. g3 Bg7 4. Bg2 O-O 5. Nc3 d6 6. Nf3 Nbd7 7. O-O e5 8. e4 c6
9. h3 Qb6 10. Re1 exd4 11. Nxd4 Ne5 12. b3 Bxh3 13. Na4 Bg4 14. Nxb6 Bxd1 15.
Nxa8 Bg4 16. Nc7 Rc8 17. Ba3 Bf8 18. f4 Nd3 19. Re3 Nc5 20. e5 dxe5 21. fxe5 Nh5
22. b4 Na4 23. Re4 Bf5 24. Nxf5 gxf5 25. Rh4 Nxg3 26. Kf2 Bg7 27. Re1 Ne4+ 28.
Bxe4 fxe4 29. Rg1 Kh8 30. Rh5 e3+ 31. Ke1 h6 32. b5 Rxc7 33. Bd6 Rd7 34. Rh4 Nc3
35. Rhg4 f5 36. Rd4 Ne4 37. Bf8 Rxd4 38. Bxg7+ Kh7 39. e6 Rxc4 40. Ke2 Ng5 41.
e7 Re4 42. Bf8 f4 43. Rd1 f3+ 44. Ke1 e2 45. Rc1 Nh3 0-1

[Event "5th Classic Open 2013"]
[Site "London ENG"]
[Date "2013.12.15"]
[Round "9.46"]
[White "Ethelontis, Alexandros N"]
[Black "Gschwendtner, Stanislav"]
[Result "1-0"]
[WhiteElo "2158"]
[BlackElo "1999"]
[WhiteFideId "405469"]
[BlackFideId "307297"]
[EventDate "2013.12.07"]

1. c4 c5 2. g3 g6 3. Bg2 Bg7 4. Nc3 Nc6 5. Nf3 e5 6. O-O Nge7 7. a3 d6 8. b4 e4
9. Ng5 f5 10. Bb2 O-O 11. d3 h6 12. Nh3 Be6 13. Nf4 Bf7 14. dxe4 Bxc4 15. exf5
gxf5 16. Qd2 Nd4 17. Rab1 Rc8 18. Rfd1 Rf6 19. Nh5 Re6 20. Nxg7 Kxg7 21. e3 Nb3
22. Nd5+ Kf8 23. Qc3 Bxd5 24. Bxd5 Nxd5 25. Rxd5 c4 26. Rxf5+ Ke8 27. Rd1 Qe7
28. b5 b6 29. a4 Kd7 30. Ba3 Na5 31. Bb4 Nb7 32. Rfd5 Qf6 33. R1d4 Rf8 34. Qd2
Rc8 35. Kg2 Qg6 36. Qc3 Re4 37. Rd1 Re6 38. f3 h5 39. e4 h4 40. Bxd6 Nxd6 41. e5
h3+ 42. Kf2 Ke8 43. exd6 Kd7 44. R1d2 Qf6 45. R5d4 Qe5 46. Rc2 Rce8 47. f4 Qc5
48. Qxc4 Qxc4 49. Rcxc4 Rxd6 50. Kf3 Rg8 51. g4 Ke6 52. Rxd6+ Kxd6 53. g5 Kd5
54. Rc7 Re8 55. Kg4 Re3 56. g6 Re1 57. Kf5 Rg1 58. Rd7+ Kc5 59. Kf6 1-0

[Event "5th Classic Open 2013"]
[Site "London ENG"]
[Date "2013.12.15"]
[Round "9.47"]
[White "Villiers, Thomas"]
[Black "Ociepka, Adrian"]
[Result "1-0"]
[WhiteElo "2078"]
[BlackElo "2157"]
[WhiteFideId "427209"]
[BlackFideId "1141937"]
[EventDate "2013.12.07"]

1. c4 Nf6 2. g3 g6 3. Bg2 Bg7 4. Nc3 O-O 5. Rb1 a5 6. a3 d6 7. b4 axb4 8. axb4
e5 9. e4 Nc6 10. Nge2 Bg4 11. f3 Be6 12. d3 Nh5 13. O-O f5 14. Nd5 Kh8 15. b5
Bxd5 16. cxd5 Ne7 17. f4 Nf6 18. Bb2 Ng4 19. Qd2 c6 20. h3 Qb6+ 21. d4 cxd5 22.
hxg4 dxe4 23. Kh1 Ra2 24. dxe5 dxe5 25. Qd7 Rxb2 26. Rxb2 Ng8 27. Rc2 Nf6 28.
Qc7 Qxb5 29. fxe5 Nxg4 30. Nf4 Bxe5 31. Qc5 Qe8 32. Bh3 Nf6 33. Ne6 Nd7 34. Qd5
Rf6 35. Rd1 Rxe6 36. Qxd7 Qxd7 37. Rxd7 Re8 38. Kh2 e3 39. Bf1 h5 40. Kg2 g5 41.
Bd3 f4 42. gxf4 Bxf4 43. Rxb7 Rd8 44. Rc6 Kg8 45. Bc4+ Kf8 46. Rf6+ Ke8 47. Bb5+ 1-0

[Event "5th Classic Open 2013"]
[Site "London ENG"]
[Date "2013.12.15"]
[Round "9.48"]
[White "Ditmas, Hugh"]
[Black "Okike, David"]
[Result "0-1"]
[WhiteElo "2034"]
[BlackElo "2150"]
[WhiteFideId "1270666"]
[BlackFideId "8500134"]
[EventDate "2013.12.07"]

1. d4 Nf6 2. c4 e6 3. Nf3 Bb4+ 4. Bd2 a5 5. g3 b6 6. Bg2 Ba6 7. Ne5 c6 8. Bxb4
axb4 9. Qb3 Qe7 10. a3 Bb7 11. O-O d6 12. Nd3 c5 13. Bxb7 Qxb7 14. dxc5 dxc5 15.
Nd2 Nc6 16. Nf3 bxa3 17. Nxc5 Qc7 18. Nd3 O-O 19. Rxa3 Na5 20. Qa2 Qxc4 21. b3
Qe4 22. Ra4 Qd5 23. b4 Nc4 24. Ra1 Rac8 25. Nd2 b5 26. Ra7 h5 27. h4 e5 28. Nxc4
bxc4 29. Ra5 Qb7 30. Nxe5 Qxb4 31. Ra7 Qc5 32. Nd7 Nxd7 33. Rxd7 c3 34. Rc1 Rcd8
35. Rxd8 Rxd8 36. Qc2 Rc8 37. e3 g6 38. Kf1 Qc4+ 39. Qe2 Qe4 40. Qc2 Qc4+ 41.
Kg1 Rc5 42. Kg2 Qd5+ 43. Kg1 Qc6 44. Rd1 Kg7 45. Rc1 Kh7 46. Rd1 Rc4 47. Rc1 Kg8
48. Rd1 Kg7 49. Rc1 Kf6 50. Rd1 Ke5 51. Ra1 Ke6 52. Rc1 Qc5 53. Ra1 Kf6 54. Rc1
Kg7 55. Rd1 g5 56. hxg5 Qxg5 57. Rd4 Rc7 58. Kg2 Qc5 59. Rd1 Qc6+ 60. f3 Rb7 61.
Qf5 Rb5 62. Qd7 Rb2+ 63. Kh3 Qxf3 64. Qd4+ f6 65. Qd7+ Kh6 66. Rg1 Qf2 0-1

[Event "5th Classic Open 2013"]
[Site "London ENG"]
[Date "2013.12.15"]
[Round "9.49"]
[White "Donovan, Nigel P"]
[Black "Farrand, Tom"]
[Result "0-1"]
[WhiteElo "2033"]
[BlackElo "2149"]
[WhiteFideId "403822"]
[BlackFideId "406457"]
[EventDate "2013.12.07"]

1. e4 c5 2. Nf3 e6 3. d3 Nc6 4. g3 g6 5. Bg2 Bg7 6. O-O Nge7 7. Re1 d6 8. Nbd2
O-O 9. a4 e5 10. Nc4 h6 11. Ne3 Be6 12. Nh4 d5 13. exd5 Nxd5 14. Nxd5 Bxd5 15.
Be3 b6 16. Bxd5 Qxd5 17. Qf3 Qd7 18. c3 Ne7 19. Qe2 Rad8 20. Rad1 f5 21. Ng2 g5
22. f4 Nd5 23. fxg5 f4 24. gxh6 f3 25. Qd2 Nxe3 26. hxg7 f2+ 27. Kh1 Nxd1 28.
gxf8=Q+ Rxf8 29. Qg5+ Qg7 30. Qxg7+ Kxg7 0-1

[Event "5th Classic Open 2013"]
[Site "London ENG"]
[Date "2013.12.15"]
[Round "9.50"]
[White "Lee, Kai Jie Edward"]
[Black "Gates, David A"]
[Result "1-0"]
[WhiteElo "2145"]
[BlackElo "1727"]
[WhiteFideId "5802920"]
[BlackFideId "415723"]
[EventDate "2013.12.07"]

1. e4 c6 2. d4 d5 3. Nc3 dxe4 4. Nxe4 Bf5 5. Ng3 Bg6 6. h4 h6 7. Nf3 Nd7 8. h5
Bh7 9. Bd3 Bxd3 10. Qxd3 e6 11. Bd2 Ngf6 12. O-O-O Bd6 13. Ne4 Nxe4 14. Qxe4 Nf6
15. Qe2 Qc7 16. g3 O-O 17. g4 Bf4 18. Ne5 Nd5 19. Bxf4 Nxf4 20. Qe4 Nd5 21. g5
Qe7 22. Rdg1 hxg5 23. h6 f5 24. h7+ Kh8 25. Ng6# 1-0

[Event "5th Classic Open 2013"]
[Site "London ENG"]
[Date "2013.12.15"]
[Round "9.51"]
[White "Woong, Zhi Wei William"]
[Black "Tozer, Philip A A"]
[Result "0-1"]
[WhiteElo "1837"]
[BlackElo "2141"]
[WhiteFideId "5804906"]
[BlackFideId "419982"]
[EventDate "2013.12.07"]

1. e4 e6 2. d4 d5 3. Nc3 Nf6 4. Bg5 Be7 5. e5 Nfd7 6. Bxe7 Qxe7 7. f4 a6 8. Nf3
Nb6 9. Qd2 Bd7 10. a4 c5 11. a5 Nc8 12. Be2 Nc6 13. Na4 cxd4 14. Nxd4 O-O 15.
O-O Nxd4 16. Qxd4 Bxa4 17. Rxa4 Na7 18. c3 Nc6 19. Qe3 Qc7 20. Bd3 Nxa5 21. f5
exf5 22. Rxf5 Nc4 23. Rh5 h6 24. Qf2 Rfe8 25. Bxc4 dxc4 26. Qd4 Rad8 27. Rxc4
Qa5 28. Ra4 Qb5 29. Qb4 Qe2 30. h3 Qxh5 0-1

[Event "5th Classic Open 2013"]
[Site "London ENG"]
[Date "2013.12.15"]
[Round "9.52"]
[White "Faldon, David J"]
[Black "Smith, Andrew Philip"]
[Result "0-1"]
[BlackTitle "FM"]
[WhiteElo "1960"]
[BlackElo "2132"]
[WhiteFideId "426016"]
[BlackFideId "2500833"]
[EventDate "2013.12.07"]

1. d4 Nf6 2. Bf4 Nh5 3. Bd2 g6 4. g4 Nf6 5. g5 Ne4 6. Bf4 h6 7. gxh6 Bxh6 8.
Bxh6 Rxh6 9. Nd2 d5 10. Nxe4 dxe4 11. Qd2 Rh5 12. O-O-O Qd5 13. c4 Qxc4+ 14. Kb1
e3 15. fxe3 Bf5+ 16. Ka1 Be4 17. Nf3 Nc6 18. Rc1 Qa6 19. Qc3 Ra5 20. a3 b5 21.
d5 Bxd5 22. Qh8+ Kd7 23. Bh3+ e6 24. Ne5+ Nxe5 25. Qxe5 Rxa3+ 26. Kb1 Ba2+ 27.
Kc2 Qa4+ 28. Kd2 Qb4+ 29. Kc2 Bb3+ 30. Kd3 Bc4+ 31. Kc2 Ra6 32. Rhd1+ Rd6 33.
Kb1 Qa4 34. Bxe6+ fxe6 35. Rxd6+ cxd6 36. Qg7+ Kc6 37. Qc3 Kb7 0-1

[Event "5th Classic Open 2013"]
[Site "London ENG"]
[Date "2013.12.15"]
[Round "9.53"]
[White "Millward, Kevin P"]
[Black "Warman, Simon M"]
[Result "0-1"]
[WhiteElo "1950"]
[BlackElo "2119"]
[WhiteFideId "404721"]
[BlackFideId "408867"]
[EventDate "2013.12.07"]

1. e4 c5 2. Nc3 e6 3. g3 d5 4. Bg2 d4 5. Nb1 Nc6 6. d3 Nf6 7. Ne2 Be7 8. Nd2 O-O
9. O-O e5 10. f4 exf4 11. gxf4 Bg4 12. h3 Bxe2 13. Qxe2 Rc8 14. a4 a6 15. Kh2
Nb4 16. Nc4 b5 17. Ne5 Nd7 18. Nxd7 Qxd7 19. axb5 axb5 20. Bd2 Nxc2 21. Rac1 Nb4
22. Bxb4 cxb4 23. Bf3 Qd6 24. Qd2 Rxc1 25. Qxc1 Qb8 26. Bg4 g6 27. Qc6 Rd8 28.
Kg2 b3 29. Bd1 Rd6 30. Qc1 Qb7 31. Bxb3 Rc6 32. Qb1 Qc7 33. Qa2 Bh4 34. Qa8+ Kg7
35. Qe8 Rc2+ 36. Kf3 Rxb2 37. Bd5 h5 38. e5 Rh2 39. Rc1 Rf2+ 40. Ke4 Rxf4+ 41.
Kxf4 Qxc1+ 42. Kf3 Qh1+ 43. Ke2 Qxd5 44. Kd1 Qb3+ 45. Ke2 Qc2+ 0-1